00457nam a2200157Ia 4500008004100000040001900041041001200060082003400072100001700106245006200123260004200185300001900227504001900246650001400265850002000279131103s9999 xx 000 0 und d aLoreto College aEnglish a370.1/CASbLCLIB(press)/16707 aCastle, E.B. aPrinciples of education for teachers in indiacE.B.Castle aLondonbOxford university pressc1969 a223p. c 20cm. aIncludes index aEducation aLCLIB/370.1/CAS